[Event "Baden-ch U16"]
[Site "Bad Mergentheim"]
[Date "2003.01.04"]
[Round "4"]
[White "Wipplinger, Christine"]
[Black "Meier, Rosanna Christina"]
[Result "1-0"]
[WhiteElo "1177"]
[BlackElo "1000"]
[PlyCount "59"]
[EventDate "2003.01.??"]
[EventType "swiss"]
[EventRounds "7"]
[EventCountry "GER"]
[SourceTitle "EXT 2005"]
[Source "ChessBase"]
[SourceDate "2004.11.15"]
[SourceVersion "1"]
[SourceVersionDate "2004.11.15"]
[SourceQuality "1"]

1. e4 e5 2. Nf3 Nc6 3. Bc4 Nf6 4. d3 h6 5. Be3 d5 6. exd5 Nxd5 7. h3 Nxe3 8. fxe3 Bc5 9. Qe2 0-0 10. Nc3 Bb4 11. 0-0 Bxc3 12. bxc3 Re8 13. d4 e4 14. Nd2 Re7 15. Qh5 Qf8 16. Rf4 g6 17. Qxg6+ Kh8 18. Bxf7 Qg7 19. Qxg7+ Kxg7 20. Bd5 Be6 21. Bxe6 Rxe6 22. Nxe4 Rg6 23. Raf1 Re8 24. R1f3 Rg8 25. h4 Kh8 26. Rf7 Rc8 27. Kf2 Na5 28. Ke2 Re8 29. Nf6 Rc8 30. Rh7# 1-0